000 01147nam a22003257a 4500
003 CHAP
005 20220329140921.0
008 971013s1986 r 00010 d
010 _a59773
011 _a60745
035 _a64907
040 _cCHAP
090 _aTesis
100 0 0 _aCastro Verduzco, Oscar.
_920442
245 _aDetección de insectos en jojoba (Simmondsia shinensis), en el estado de Baja California Sur
260 _aChapingo, Méx. :
_bEl autor,
_c1986
300 _a59 h.
_b: ilus.
502 _aTesis (Ing. Agr. Esp. en Parasitología Agrícola) -- UACH. Departamento de Parasitología Agrícola
590 _aALEPH
_b10
_c20130110
_lUCH01
_h1338
590 _aBATCH-UPD
_b10
_c20130110
_lUCH01
_h0134
590 _aBATCH-UPD
_b10
_c20130110
_lUCH01
_h0745
590 _aCONVERSION
_b10
_c20130109
_lUCH01
_h1332
650 1 4 _aJojoba
_xBaja California Sur.
_961937
650 1 4 _aJojoba
_xPlagas.
_961945
901 _aBK
942 _cFOLL
949 _bBC
_cTES
_d-143210
_eTS1
_h28793
_i64907
_si
949 _bBC
_cTES
_d33724000078978
_eTS2
_fc.2
_h28794
_i64907
_si
949 _bBC
_cTES
_d33724000078986
_eTS2
_fc.3
_h28795
_i64907
_si
999 _c59773
_d59773